000 00822nam a2200217Ii 4500
003 JO-AjNU
008 230605s9999||||xx |||||||||||||| ||und||
017 _a2010/11970
020 _a978-977-04-64-62-9
040 _aJO-AjNU
_bara
_erda
_cJO-AjNU
041 _aara
050 1 4 _aKRM4610.2011
100 3 _aيوسف، مصطفى,
_eauthor
_934319
245 0 0 _aالحماية القانونية للشاهد في ضوء الفقه والقضاء وفقا لقانون الإجراءات الجنائية المصري
264 3 1 _aد،م : د،ن ، 2011
300 _a151ص
336 _atext
_btxt
_2rdacontent
337 _aunmediated
_bn
_2rdamedia
338 _avolume
_bnc
_2rdacarrier
650 4 _aالحماية القانونية للشاهد -- قانون جنائي (فقه إسلامي) -- مصر
_934320
999 _aA14058
_c17626
_d17626